Statistics for Rocky Movies

Click here to take the quiz!

General Stats

  • This quiz has been taken 911 times
  • The average score is 6 of 7

Answer Stats

yearmovie% Correct
1976Rocky
100%
2015Creed
88%
1979Rocky II
84%
1982Rocky III
84%
1985Rocky IV
84%
1990Rocky V
83%
2006Rocky Balboa
82%

Score Distribution

Percentile by Number Answered

Percent of People with Each Score

Your Score History

You have not taken this quiz